000 00562nam a2200169 a 4500
001 000044107
005 20201002045142.0
008 140516s1999 sp 000 0 spa d
020 _a8433925393
040 _aDO-SdBNP
_bspa
_cBNPHU
100 1 _aMartí Font, J. M.
_972103
245 1 3 _aEl día que acabó el siglo XX :
_bla caída del muro de Berlín /. /
_cJ. M. Martí Font ; prólogo Josep Ramoneda.
260 _aBarcelona :
_bCrónicas Anagrama,
_c1999.
300 _a213 p. ;
_c23 cm.
490 1 _aCrónicas Anagrama
830 0 _aCrónicas Anagrama
_972104
999 _c43596
_d43596